Исследование фотокаталитической активности металлокерамических композитов в процессе деградации эозина с использованием комплексных соединений железа; Перспективы развития фундаментальных наук; Т. 2 : Химия

Manylion Llyfryddiaeth
Parent link:Перспективы развития фундаментальных наук=Prospects of Fundamental Sciences Development: сборник научных трудов XV Международной конференции студентов, аспирантов и молодых ученых, г. Томск, 24-27 апреля 2018 г./ Национальный исследовательский Томский политехнический университет (ТПУ) ; под ред. И. А. Курзиной, Г. А. Вороновой.— , 2018
Т. 2 : Химия.— 2018.— [С. 99-101]
Prif Awdur: Дамзина А. А.
Awdur Corfforaethol: Национальный исследовательский Томский государственный университет (ТГУ)
Awduron Eraill: Шашкина О. А. (научный руководитель), Скворцова Л. Н.
Crynodeb:Заглавие с экрана
Iron-containing metal-ceramic composites based on silicon nitrides, titanium, and sialon were investigated in terms of their phase composition, as well as identification and evaluation of acid-base surface centers. It is shown that the base Lewis centers and the acid centers of Brensted are prevalent on the surface of the materials. The photocatalytic activity of composites was examined in the process of eosin degradation in presence of Н[2]О[2] and EDTA. The composites based on nitrides of silicon and titanium demonstrate the highest activity under ferric complex system conditions.
Iaith:Rwseg
Cyhoeddwyd: 2018
Pynciau:
Mynediad Ar-lein:http://earchive.tpu.ru/handle/11683/50726
Fformat: Electronig Pennod Llyfr
KOHA link:https://koha.lib.tpu.ru/cgi-bin/koha/opac-detail.pl?biblionumber=627508

MARC

LEADER 00000naa2a2200000 4500
001 627508
005 20231101133450.0
035 |a (RuTPU)RU\TPU\conf\27377 
035 |a RU\TPU\conf\27376 
090 |a 627508 
100 |a 20180910d2018 k y0rusy50 ca 
101 0 |a rus  |d eng 
102 |a RU 
105 |a y z 100zy 
135 |a drcn ---uucaa 
181 0 |a i  
182 0 |a b 
200 1 |a Исследование фотокаталитической активности металлокерамических композитов в процессе деградации эозина с использованием комплексных соединений железа  |d Investigating photo-catalytic activity of metal-ceramic composites in eosin degradation using complex iron compounds  |f А. А. Дамзина, О. А. Шашкина  |g науч. рук. Л. Н. Скворцова 
203 |a Текст  |c электронный 
230 |a 1 компьютерный файл (pdf; 245 Kb) 
300 |a Заглавие с экрана 
320 |a [Библиогр.: с. 101 (2 назв.)] 
330 |a Iron-containing metal-ceramic composites based on silicon nitrides, titanium, and sialon were investigated in terms of their phase composition, as well as identification and evaluation of acid-base surface centers. It is shown that the base Lewis centers and the acid centers of Brensted are prevalent on the surface of the materials. The photocatalytic activity of composites was examined in the process of eosin degradation in presence of Н[2]О[2] and EDTA. The composites based on nitrides of silicon and titanium demonstrate the highest activity under ferric complex system conditions. 
461 1 |0 (RuTPU)RU\TPU\conf\26928  |t Перспективы развития фундаментальных наук  |l Prospects of Fundamental Sciences Development  |o сборник научных трудов XV Международной конференции студентов, аспирантов и молодых ученых, г. Томск, 24-27 апреля 2018 г.  |o в 7 т.  |f Национальный исследовательский Томский политехнический университет (ТПУ) ; под ред. И. А. Курзиной, Г. А. Вороновой  |d 2018 
463 1 |0 (RuTPU)RU\TPU\conf\26930  |t Т. 2 : Химия  |v [С. 99-101]  |d 2018 
510 1 |a Investigating photo-catalytic activity of metal-ceramic composites in eosin degradation using complex iron compounds  |z eng 
610 1 |a электронный ресурс 
610 1 |a фотокаталитическая активность 
610 1 |a металлокерамические композиты 
610 1 |a деградация 
610 1 |a эозин 
610 1 |a комплексные соединения 
610 1 |a железо 
610 1 |a органические вещества 
700 1 |a Дамзина  |b А. А. 
701 1 |a Шашкина  |b О. А. 
702 1 |a Скворцова  |b Л. Н.  |4 727 
712 0 2 |a Национальный исследовательский Томский государственный университет (ТГУ)  |c (2009- )  |2 stltpush  |3 (RuTPU)RU\TPU\col\17230 
801 2 |a RU  |b 63413507  |c 20181005  |g RCR 
856 4 |u http://earchive.tpu.ru/handle/11683/50726 
942 |c BK